| 000 | 00498 a2200169 4500 | ||
|---|---|---|---|
| 001 | 068731 | ||
| 003 | OSt | ||
| 005 | 20220312152203.0 | ||
| 008 | |||
| 082 |
_a818.409 _bB62B |
||
| 245 | 1 |
_aBloom's biocritiques Mark Twain _cedited by Harold Bloom |
|
| 260 |
_aPhiladelphia _bChelsa House _c2003 |
||
| 300 | _a163p. | ||
| 653 | _aShort story; Short story--Examinations; Twain, Mark, 1835-1910; Examinations | ||
| 700 |
_aBloom, Harold _eEditor |
||
| 942 |
_2ddc _cBK |
||
| 999 |
_c2382 _d2382 |
||